[Event "Warren (MCO/3/57)"]
[Site "?"]
[Date "1986.??.??"]
[Round "?"]
[White "Mains, D.."]
[Black "Fletcher, G.."]
[Result "0-1"]
[WhiteElo "1605"]
[BlackElo "1605"]
[PlyCount "134"]
[EventDate "1986.??.??"]

{3/(57)} 1. e4 e5 2. Nf3 Nc6 3. Bb5 a6 4. Ba4 Nf6 5. Nc3 b5 6. Bb3 Bc5 7. h3 d6
8. d3 O-O 9. O-O h6 10. a4 b4 11. Nd5 Be6 12. Re1 Na5 13. Nxf6+ Qxf6 14. Bxe6
fxe6 15. Be3 Bxe3 16. Rxe3 Nc6 17. c3 bxc3 18. bxc3 d5 19. exd5 exd5 20. d4 e4
21. Qb3 exf3 22. Qxd5+ Kh7 23. Rxf3 Qg6 24. Rg3 Qe8 25. Re3 Ne7 26. Qe4+ Ng6
27. Qb7 Qb8 28. Qd5 Qb2 29. Rae1 Qxf2+ 30. Kh2 Rad8 31. Qc6 Nh4 32. Qe4+ Kh8
33. Rg3 Rf4 34. Qe7 Rg8 35. Re2 Qf1 36. Re1 Qc4 37. Re6 Nf5 38. Rxh6+ gxh6 39.
Qe5+ Kh7 40. Rxg8 Qxg8 41. Qxf4 Nd6 42. d5 Qxd5 43. Qf6 Qc6 44. a5 Qc5 45. Qe7+
Kg8 46. Qd8+ Kg7 47. Qe7+ Kg6 48. Qe6+ Kg5 49. Qg8+ Kf6 50. Qh8+ Ke7 51. Qxh6
Qxc3 52. h4 Qxa5 53. h5 Nf7 54. Qe3+ Qe5+ 55. Qxe5+ Nxe5 56. h6 Kf7 57. Kg3 Kg6
58. Kf4 Nf7 59. Ke4 Nxh6 60. Kd4 Kf6 61. Kc5 Ke7 62. Kb4 Kd6 63. Ka5 Kc5 64.
Kxa6 Kb4 65. Kb7 c5 66. Kc6 c4 67. g4 Nxg4 0-1

[Event "Oakham YM"]
[Site "Oakham"]
[Date "1986.??.??"]
[Round "2"]
[White "MacFarlane, Donald"]
[Black "Finegold, Ben"]
[Result "0-1"]
[WhiteElo "2360"]
[BlackElo "2280"]
[PlyCount "78"]
[EventDate "1986.04.??"]

1. c4 e5 2. Nc3 Bb4 3. Qc2 Nf6 4. Nf3 d6 5. a3 Bxc3 6. Qxc3 O-O 7. e3 Nc6 8. b4
Re8 9. Bb2 Bg4 10. Be2 e4 11. Nd4 Ne5 12. f4 exf3 13. gxf3 Bh5 14. Rg1 c5 15.
Nf5 Bg6 16. Ng3 d5 17. bxc5 dxc4 18. f4 Nd3+ 19. Bxd3 Bxd3 20. Nh5 Nxh5 21.
Rxg7+ Kf8 22. Rg8+ Ke7 23. Rg5 Nxf4 24. Qg7 Kd7 25. Qd4+ Kc6 26. Qxf4 Re4 27.
Qg3 Qd7 28. O-O-O b6 29. Qf3 Rae8 30. Rf5 R8e7 31. Rg1 Kc7 32. Rf6 c3 33. dxc3
bxc5 34. Rg5 Rxe3 35. Rxc5+ Kb8 36. Qf4+ Ka8 37. Qd4 Re1+ 38. Kd2 Bb5 39. Rf2
Ba4 0-1

[Event "Kalamazoo (WMUSO/1/6)"]
[Site "?"]
[Date "1986.??.??"]
[Round "?"]
[White "Lynch, W.."]
[Black "Yoder, R.."]
[Result "1-0"]
[WhiteElo "1605"]
[BlackElo "2125"]
[PlyCount "67"]
[EventDate "1986.??.??"]

{1/(6)} 1. d4 Nf6 2. c4 g6 3. Nc3 Bg7 4. Nf3 d6 5. Bg5 h6 6. Bh4 g5 7. Bg3 Nh5
8. e3 O-O 9. Qc2 Nc6 10. Be2 f5 11. Nd2 Nxg3 12. hxg3 e5 13. Nb3 exd4 14. exd4
a5 15. d5 Nb4 16. Qd2 a4 17. Nd4 Bxd4 18. a3 Bxc3 19. Qxc3 Nxd5 20. cxd5 Qf6
21. Qxc7 Qxb2 22. Rc1 Re8 23. Rc2 Qa1+ 24. Rc1 Qe5 25. Rc2 Re7 26. Qd8+ Kg7 27.
O-O Re8 28. Qc7+ Re7 29. Qd8 Rd7 30. Rc7 Rxc7 31. Qxc7+ Kf8 32. Qd8+ Kf7 33.
Bh5+ Kg7 34. Rc1 1-0

[Event "Monroe (MI Op/3/29)"]
[Site "?"]
[Date "1986.??.??"]
[Round "?"]
[White "Lynch, W.."]
[Black "Stefanski, Mark"]
[Result "0-1"]
[WhiteElo "1610"]
[BlackElo "1910"]
[PlyCount "32"]
[EventDate "1986.??.??"]

{3/(29)} 1. d4 d5 2. c4 e6 3. Nc3 c6 4. Nf3 Nf6 5. Bg5 Nbd7 6. e3 Qa5 7. Nd2
Bb4 8. Qc2 O-O 9. Be2 e5 10. Bxf6 Nxf6 11. dxe5 Ng4 12. cxd5 Bxc3 13. Qxc3 Qxd5
14. f4 Qxg2 15. O-O-O Qxe2 16. Ne4 Qxe3+ 0-1

[Event "Monroe (MI Op/2/27)"]
[Site "?"]
[Date "1986.??.??"]
[Round "?"]
[White "Lynch, W.."]
[Black "Mason, A.."]
[Result "0-1"]
[WhiteElo "1610"]
[BlackElo "1890"]
[PlyCount "44"]
[EventDate "1986.??.??"]

{2/(27)} 1. d4 Nf6 2. c4 e6 3. Nc3 Bb4 4. Qc2 c5 5. a3 Bxc3+ 6. bxc3 cxd4 7.
cxd4 Nc6 8. Nf3 d5 9. Bg5 Qa5+ 10. Bd2 Qd8 11. Bg5 dxc4 12. Qxc4 Bd7 13. Rc1
O-O 14. g3 Rc8 15. Qb3 Nxd4 16. Nxd4 Qa5+ 17. Qb4 Qxg5 18. Rxc8 Rxc8 19. f4 Qd5
20. Nf3 Ne4 21. Qb2 Ba4 22. Qb1 Rc2 0-1

[Event "Warren (MCO/2/12)"]
[Site "?"]
[Date "1986.??.??"]
[Round "?"]
[White "Lynch, W.."]
[Black "Kebrdle, M.."]
[Result "0-1"]
[WhiteElo "1785"]
[BlackElo "2100"]
[PlyCount "60"]
[EventDate "1986.??.??"]

{2/(12)} 1. d4 d5 2. c4 c6 3. Nc3 Nf6 4. Bg5 e6 5. Nf3 Nbd7 6. Qc2 Qa5 7. a3
Ne4 8. Bd2 Nxd2 9. Nxd2 Nf6 10. e3 Bd6 11. c5 Be7 12. Nf3 Qc7 13. Bd3 g6 14. b4
Nd7 15. e4 dxe4 16. Nxe4 e5 17. dxe5 Nxe5 18. Nxe5 Qxe5 19. O-O O-O 20. Rfe1
Bf6 21. Rad1 Qb2 22. Nd6 Be6 23. Nxb7 Qxa3 24. Qb1 Rab8 25. Nd6 Rxb4 26. Qc1
Qxc1 27. Rxc1 Bd5 28. Ne4 Bd4 29. Nd6 Rb2 30. Kf1 Rxf2+ 0-1

[Event "Warren (MCO/4/31)"]
[Site "?"]
[Date "1986.??.??"]
[Round "?"]
[White "Lynch, W.."]
[Black "Kanluen, T.."]
[Result "1-0"]
[WhiteElo "1785"]
[BlackElo "1605"]
[PlyCount "63"]
[EventDate "1986.??.??"]

{4/(31)} 1. d4 d5 2. c4 Nf6 3. Nc3 e6 4. Bg5 Be7 5. cxd5 exd5 6. Qc2 Nc6 7. e3
O-O 8. a3 h6 9. Bh4 Be6 10. Bd3 Re8 11. Nge2 Qd7 12. Nf4 a6 13. Nxe6 Qxe6 14.
Bf5 Qd6 15. Bg3 Qd8 16. O-O Bd6 17. Bh4 Be7 18. b4 b5 19. Rac1 Rb8 20. Qb3 a5
21. Bxf6 Bxf6 22. Nxd5 axb4 23. Rxc6 Rc8 24. Bxc8 Qxc8 25. Nxf6+ gxf6 26. Qxb4
Kg7 27. Rfc1 Qb8 28. Rxc7 Kg6 29. d5 Rd8 30. Qg4+ Kh7 31. Rxf7+ Kh8 32. Qg7#
1-0

[Event "Monroe (MI Op/7/22)"]
[Site "?"]
[Date "1986.??.??"]
[Round "?"]
[White "Lynch, W.."]
[Black "Halstead, Kevin"]
[Result "0-1"]
[WhiteElo "1610"]
[BlackElo "1840"]
[PlyCount "76"]
[EventDate "1986.??.??"]

{7/(22)} 1. c4 Nf6 2. d4 c6 3. Nc3 d5 4. Bg5 e6 5. Nf3 Be7 6. e3 O-O 7. Bd3
dxc4 8. Bxc4 Nd5 9. Bxe7 Qxe7 10. Nxd5 exd5 11. Be2 Bf5 12. O-O Nd7 13. Rc1 Nf6
14. Nd2 Rfe8 15. Re1 Rac8 16. Nb3 Ne4 17. Bd3 Nd6 18. f3 Bxd3 19. Qxd3 Nc4 20.
e4 Qg5 21. Qc2 Nb6 22. Nc5 Re7 23. e5 Rce8 24. Qc3 f6 25. exf6 Qxf6 26. Nxb7
Rxe1+ 27. Rxe1 Rxe1+ 28. Qxe1 Qxd4+ 29. Kh1 Kf8 30. Nd6 g6 31. Qe8+ Kg7 32.
Qe7+ Kh6 33. Qf8+ Kg5 34. Nf7+ Kf4 35. Nd6+ Ke3 36. Qe7+ Kf2 37. h3 Qd1+ 38.
Kh2 Qg1# 0-1

[Event "Kalamazoo (WMUSO/3/11)"]
[Site "?"]
[Date "1986.??.??"]
[Round "?"]
[White "Lynch, W.."]
[Black "Haakonstad, Olaf"]
[Result "1/2-1/2"]
[WhiteElo "1605"]
[BlackElo "1885"]
[PlyCount "88"]
[EventDate "1986.??.??"]

{3/(11)} 1. d4 Nf6 2. c4 e6 3. Nc3 Bb4 4. Bg5 O-O 5. Nf3 d5 6. e3 h6 7. Bh4
Nbd7 8. Qc2 Qe8 9. Bd3 a6 10. Bg3 dxc4 11. Bxc4 b5 12. Bd3 Bd6 13. Be4 Nxe4 14.
Nxe4 Bxg3 15. hxg3 Bb7 16. Neg5 Nf6 17. e4 Qc6 18. Qd3 hxg5 19. Nxg5 g6 20. f3
Kg7 21. Qd2 Rh8 22. Kf2 Qd7 23. e5 Nd5 24. Nh7 f6 25. Nxf6 Nxf6 26. exf6+ Kf7
27. Qf4 Qd6 28. Qe3 Kxf6 29. Rac1 Rad8 30. Rxh8 Rxh8 31. Rc5 Bd5 32. a3 c6 33.
b4 Rh5 34. Rc1 Rg5 35. g4 Qh2 36. f4 Qxg2+ 37. Ke1 Rxg4 38. Qe5+ Kf7 39. Qc7+
Kg8 40. Qd8+ Kg7 41. Qd7+ Kg8 42. Qe8+ Kg7 43. Qe7+ Kg8 44. Qe8+ Kg7 1/2-1/2

[Event "Taylor (SEMO/1/4)"]
[Site "?"]
[Date "1986.??.??"]
[Round "?"]
[White "Linn, Peter"]
[Black "Nikolovski, Oliver"]
[Result "1/2-1/2"]
[WhiteElo "2160"]
[BlackElo "1920"]
[PlyCount "65"]
[EventDate "1986.??.??"]

{1/(4)} 1. d4 e6 2. e4 d5 3. Nc3 Nf6 4. Bg5 Be7 5. e5 Nfd7 6. h4 h6 7. Bxe7
Qxe7 8. f4 a6 9. Nf3 c5 10. Qd2 Nc6 11. Ne2 f5 12. c3 cxd4 13. Nexd4 Nc5 14.
Bd3 Ne4 15. Bxe4 fxe4 16. Ng1 Bd7 17. Nge2 Rc8 18. Qe3 Na5 19. b3 O-O 20. Qg3
Bb5 21. O-O Bxe2 22. Nxe2 Nc6 23. Rfd1 b5 24. Rac1 Qa7+ 25. Kh1 b4 26. Qg6 Qf7
27. Qxf7+ Kxf7 28. c4 Ne7 29. Nd4 dxc4 30. bxc4 Rfd8 31. Kg1 g6 32. Kf2 Nf5 33.
Nxf5 1/2-1/2

[Event "Taylor (SEMO/5/4)"]
[Site "?"]
[Date "1986.??.??"]
[Round "?"]
[White "Linn, Peter"]
[Black "Hendricks, Marcus"]
[Result "1-0"]
[WhiteElo "2160"]
[BlackElo "1975"]
[PlyCount "97"]
[EventDate "1986.??.??"]

{5/(4)} 1. e4 c5 2. Nc3 Nc6 3. f4 d6 4. Nf3 Bg4 5. Bc4 e6 6. Bb5 Nge7 7. O-O a6
8. Bxc6+ Nxc6 9. h3 Bxf3 10. Qxf3 g6 11. d3 Nd4 12. Qf2 Bg7 13. f5 gxf5 14. Qg3
Be5 15. Bf4 Bxf4 16. Qxf4 Qe7 17. exf5 O-O-O 18. f6 Qc7 19. Rf2 Qc6 20. Qe4 d5
21. Qe5 Rhg8 22. a4 Rg6 23. a5 Rdg8 24. Kf1 Rg5 25. Qh2 Nf5 26. g4 d4 27. Ne4
Ne3+ 28. Ke2 Rd5 29. c4 Nxc4 30. dxc4 d3+ 31. Kd2 Rd4 32. Nc3 Rxc4 33. Qe5 Rd8
34. b3 Rb4 35. Rc1 Rxb3 36. Na4 Rd5 37. Qf4 e5 38. Qc4 Rb4 39. Qxb4 cxb4 40.
Rxc6+ bxc6 41. Nb6+ Kc7 42. Nxd5+ cxd5 43. Kxd3 Kd6 44. g5 Kc5 45. Rc2+ Kb5 46.
Rc7 e4+ 47. Kd4 b3 48. Rb7+ Kxa5 49. Rxb3 1-0

[Event "Taylor (SEMO/3/7)"]
[Site "?"]
[Date "1986.??.??"]
[Round "?"]
[White "Linn, Peter"]
[Black "Bolda, Dan H"]
[Result "1-0"]
[WhiteElo "2160"]
[BlackElo "1845"]
[PlyCount "49"]
[EventDate "1986.??.??"]

{3/(7)} 1. d4 Nf6 2. Nc3 g6 3. e4 Bg7 4. e5 Ng8 5. f4 d6 6. Nf3 f6 7. Bc4 c6 8.
d5 cxd5 9. Qxd5 e6 10. Bb5+ Ke7 11. exd6+ Qxd6 12. Qxd6+ Kxd6 13. Be3 b6 14.
O-O-O+ Kc7 15. Bc4 Nc6 16. Nb5+ Kb8 17. Rd6 Nge7 18. Bxe6 Bxe6 19. Rxe6 a6 20.
Nbd4 Kc7 21. Re1 f5 22. Bf2 Bf8 23. Nxc6 Nxc6 24. Ne5 Nxe5 25. Bxb6+ 1-0

[Event "Dearborn (MEX/4)"]
[Site "Dearborn"]
[Date "1986.??.??"]
[Round "?"]
[White "Lindsay, F.."]
[Black "Smith, Walt"]
[Result "1-0"]
[WhiteElo "2360"]
[BlackElo "2005"]
[PlyCount "71"]
[EventDate "1986.??.??"]

1. d4 Nf6 2. Nf3 e6 3. g3 c5 4. c4 cxd4 5. Nxd4 Nc6 6. Bg2 Bb4+ 7. Nc3 O-O 8.
O-O Qb6 9. Ndb5 Ne5 10. Be3 Qa5 11. Qb3 a6 12. Na3 Bxc3 13. bxc3 Neg4 14. Bd4
Qh5 15. h3 Ne5 16. g4 Nfxg4 17. hxg4 Nxg4 18. Rfd1 d6 19. Bb6 Bd7 20. Qb4 Qh2+
21. Kf1 Bc6 22. f3 Rad8 23. Nc2 Rd7 24. c5 Nf6 25. cxd6 Nh5 26. Qg4 f5 27. Qh3
Qxh3 28. Bxh3 g5 29. Nd4 Bd5 30. Nxf5 Rxf5 31. Bxf5 Ng3+ 32. Kf2 Nxf5 33. e4
Rxd6 34. Be3 Nxe3 35. Kxe3 Bc4 36. Rxd6 1-0

[Event "Taylor (SEMO/4/4)"]
[Site "?"]
[Date "1986.??.??"]
[Round "?"]
[White "Lindsay, F.."]
[Black "Kulbacki, James"]
[Result "1-0"]
[WhiteElo "2360"]
[BlackElo "2090"]
[PlyCount "57"]
[EventDate "1986.??.??"]

{4/(4)} 1. d4 Nf6 2. c4 e6 3. Nc3 c5 4. d5 exd5 5. cxd5 d6 6. e4 g6 7. Bf4 a6
8. Nf3 Bg7 9. Qa4+ Bd7 10. Qb3 Bc8 11. a4 O-O 12. Bd3 Nh5 13. Be3 Nd7 14. O-O
f5 15. exf5 gxf5 16. Bg5 Bf6 17. Bh6 Bg7 18. Bxg7 Kxg7 19. Rae1 Qf6 20. Re6 Qd8
21. Rxd6 Nf4 22. Ne2 Nxd3 23. Qxd3 Qc7 24. Re6 Nf6 25. d6 Qa5 26. Re7+ Kh8 27.
Qe3 Qxa4 28. Qh6 Qg4 29. Ng5 1-0

[Event "Dearborn (MEX/2)"]
[Site "Dearborn"]
[Date "1986.??.??"]
[Round "?"]
[White "Lindsay, F.."]
[Black "Dowling, John"]
[Result "1-0"]
[WhiteElo "2360"]
[BlackElo "2100"]
[PlyCount "57"]
[EventDate "1986.??.??"]

1. d4 c5 2. d5 e5 3. Nc3 d6 4. e4 Be7 5. Nf3 Bg4 6. h3 Bxf3 7. Qxf3 a6 8. Qg3
Bf6 9. Be2 Ne7 10. a4 Nd7 11. Bd2 O-O 12. h4 Qc7 13. Ra3 c4 14. a5 Nc8 15. Nd1
Na7 16. Ra4 b5 17. axb6 Nxb6 18. Ba5 Qc5 19. Bxb6 Qxb6 20. Bxc4 Nb5 21. Qe3 Nd4
22. Qd3 Rfc8 23. c3 Nb5 24. Ne3 Qd8 25. g3 Qd7 26. O-O Nxc3 27. Rxa6 Na4 28.
Bb5 Qb7 29. Rxa4 1-0

[Event "Taylor (SEMO/2/5)"]
[Site "?"]
[Date "1986.??.??"]
[Round "?"]
[White "Lindsay, F.."]
[Black "Coleman, John"]
[Result "1/2-1/2"]
[WhiteElo "2360"]
[BlackElo "1835"]
[PlyCount "92"]
[EventDate "1986.??.??"]

{2/(5)} 1. d4 Nf6 2. c4 e6 3. Nc3 Bb4 4. f3 c5 5. d5 exd5 6. cxd5 O-O 7. e4 d6
8. Bd3 Re8 9. Nge2 Nbd7 10. O-O Ne5 11. Bg5 c4 12. Bc2 Qb6+ 13. Kh1 Ned7 14.
Ba4 Bxc3 15. Nxc3 Rf8 16. Qe2 a6 17. Bxd7 Nxd7 18. Qxc4 f6 19. Bf4 Ne5 20. Qe2
Bd7 21. Be3 Qd8 22. Rac1 Rc8 23. Rfd1 Qe8 24. Bb6 Qg6 25. Qe3 Nc4 26. Qf2 f5
27. b3 Ne5 28. Bd4 fxe4 29. Bxe5 dxe5 30. Qg3 Qxg3 31. hxg3 exf3 32. gxf3 Rxf3
33. Ne4 Rxc1 34. Rxc1 Rd3 35. Nc5 Rxd5 36. Nxb7 Bf5 37. Nc5 Bd3 38. Kg2 e4 39.
Rc3 Kf7 40. Kf2 Kf6 41. Ke3 Ke5 42. Nxd3+ Rxd3+ 43. Rxd3 exd3 44. Kxd3 h5 45.
b4 Kd5 46. a4 g5 1/2-1/2

[Event "Taylor (SEMO/4/9)"]
[Site "?"]
[Date "1986.??.??"]
[Round "?"]
[White "Lewis, Derrick"]
[Black "Morris, Jason"]
[Result "1/2-1/2"]
[WhiteElo "1980"]
[BlackElo "1835"]
[PlyCount "62"]
[EventDate "1986.??.??"]

{4/(9)} 1. e4 c5 2. c3 d5 3. e5 d4 4. cxd4 cxd4 5. Qa4+ Nc6 6. Bb5 Bd7 7. Nf3
a6 8. Bxc6 Bxc6 9. Qxd4 Qxd4 10. Nxd4 Bxg2 11. Rg1 Bh3 12. b3 Nh6 13. Ba3 Nf5
14. Nxf5 Bxf5 15. Ke2 g6 16. f4 Bg7 17. d4 Rc8 18. Nd2 Bh6 19. Rac1 Bxf4 20.
Rxc8+ Bxc8 21. Ne4 b6 22. Kf3 Bh6 23. d5 Kd7 24. Rd1 Bg7 25. Kg4 Bb7 26. e6+
fxe6 27. dxe6+ Kc8 28. Ng5 h5+ 29. Kh3 Rd8 30. Rg1 Rd3+ 31. Rg3 Rxg3+ 1/2-1/2

[Event "Taylor (SEMO/2/10)"]
[Site "?"]
[Date "1986.??.??"]
[Round "?"]
[White "Lewis, Derrick"]
[Black "Bolda, Dan H"]
[Result "0-1"]
[WhiteElo "1980"]
[BlackElo "1845"]
[PlyCount "96"]
[EventDate "1986.??.??"]

{2/(10)} 1. e4 e6 2. d4 d5 3. exd5 exd5 4. c4 Bb4+ 5. Nc3 Qe7+ 6. Be3 Nf6 7.
Be2 Bxc3+ 8. bxc3 dxc4 9. Nf3 Nd5 10. Bd2 b5 11. Rb1 a6 12. O-O O-O 13. Qc2
Qxe2 14. Ne5 Qh5 15. Qe4 Be6 16. f4 f5 17. Qe1 Nd7 18. Nc6 Rae8 19. Rf3 Bf7 20.
Qf2 Qg6 21. Ne5 Nxe5 22. fxe5 f4 23. Re1 Be6 24. h3 Rf5 25. Rf1 Ref8 26. Kh2
Ne3 27. Bxe3 fxe3 28. Qxe3 Rxf3 29. Rxf3 Rxf3 30. Qxf3 Qe8 31. d5 Bc8 32. Qf4
Bb7 33. d6 cxd6 34. exd6 Qc6 35. Qd2 Bc8 36. Qd4 Be6 37. Qe5 Qd7 38. Qf4 h6 39.
h4 Bf7 40. a3 Kf8 41. Qd4 Be6 42. Qb6 Qc8 43. Qd4 Qb7 44. h5 Qd5 45. Qf4+ Ke8
46. g4 Kd7 47. Qf8 Qxd6+ 48. Qxd6+ Kxd6 0-1

[Event "Warren (MCO/2/28)"]
[Site "?"]
[Date "1986.??.??"]
[Round "?"]
[White "Levine, H.."]
[Black "White, B.."]
[Result "1-0"]
[WhiteElo "2065"]
[BlackElo "1605"]
[PlyCount "43"]
[EventDate "1986.??.??"]

{2/(28)} 1. e4 e5 2. Nf3 Nf6 3. Nxe5 d6 4. Nf3 Nxe4 5. d4 d5 6. Bd3 Bg4 7. O-O
Be7 8. c4 Nc6 9. Be3 O-O 10. Nc3 Nxc3 11. bxc3 f5 12. cxd5 Qxd5 13. c4 Qd6 14.
Qb3 Na5 15. c5+ Nxb3 16. cxd6 Nxa1 17. dxe7 Rf7 18. Ne5 Rxe7 19. Bc4+ Kf8 20.
Rxa1 Bh5 21. Bg5 Ree8 22. Nd7# 1-0

[Event "Monroe (MI Op/1b/8)"]
[Site "?"]
[Date "1986.??.??"]
[Round "?"]
[White "Levine, H.."]
[Black "Turner, Darrell"]
[Result "1-0"]
[WhiteElo "2035"]
[BlackElo "1855"]
[PlyCount "149"]
[EventDate "1986.??.??"]

1. e4 e6 2. d4 d5 3. Nc3 Bb4 4. e5 Ne7 5. a3 Bxc3+ 6. bxc3 c5 7. Nf3 Qa5 8. Qd2
Bd7 9. a4 Nec6 10. Be2 c4 11. O-O Na6 12. Qg5 Qxc3 13. Qxg7 O-O-O 14. Bd2 Qxc2
15. Qh6 Rhg8 16. Rfc1 Qe4 17. Kf1 Nxd4 18. Nxd4 Qxd4 19. Bc3 Qe4 20. Bf3 Qd3+
21. Be2 Qg6 22. Qh3 Bc6 23. Bd4 Nb4 24. Rab1 Nc2 25. Bh5 Qd3+ 26. Qxd3 cxd3 27.
Bxa7 Rg5 28. Bd1 Na3 29. Rb3 d2 30. Rxc6+ bxc6 31. Rxa3 Rxe5 32. Re3 Rxe3 33.
Bxe3 d4 34. Bxd2 c5 35. Bb3 Rd7 36. Bc4 Kc7 37. Bf4+ Kb6 38. Ke2 e5 39. Bd2 e4
40. a5+ Kc6 41. a6 Kb6 42. g3 f5 43. h3 d3+ 44. Ke3 Rd4 45. Be6 Kxa6 46. Bxf5
Rd6 47. Bxe4 c4 48. Bc3 Kb5 49. f4 Kc5 50. f5 h5 51. g4 hxg4 52. hxg4 Rh6 53.
g5 Rh3+ 54. Bf3 Kd6 55. g6 d2 56. Bxd2 Ke5 57. g7 Rg3 58. Kf2 Rxg7 59. Bc3+
Kxf5 60. Bxg7 Ke6 61. Ke3 Kd6 62. Kd4 Ke6 63. Bd5+ Kf5 64. Bxc4 Kg6 65. Be5 Kf5
66. Bb3 Kg4 67. Bc2 Kg5 68. Ke3 Kg4 69. Bf4 Kh4 70. Kf3 Kh5 71. Bf5 Kh4 72. Bg6
Kh3 73. Bg5 Kh2 74. Kf2 Kh1 75. Bf5 1-0

[Event "Warren (MCO/4/18)"]
[Site "?"]
[Date "1986.??.??"]
[Round "?"]
[White "Levine, H.."]
[Black "Small, R.."]
[Result "1-0"]
[WhiteElo "2065"]
[BlackElo "1775"]
[PlyCount "57"]
[EventDate "1986.??.??"]

{4/(18)} 1. e4 e5 2. Nf3 Nc6 3. Bb5 d6 4. d4 exd4 5. Qxd4 Bd7 6. Bxc6 Bxc6 7.
Nc3 Qf6 8. Qd3 h6 9. Be3 a6 10. Nd4 Bd7 11. Nd5 Qd8 12. Qb3 b5 13. c4 c5 14.
Nf5 g6 15. Qc3 Rh7 16. Ng3 Bg7 17. Qd2 bxc4 18. O-O Bb5 19. Rfe1 Ne7 20. Bxh6
Nxd5 21. exd5+ Kf8 22. Bxg7+ Kxg7 23. Qc3+ Kg8 24. Ne4 Kf8 25. Nf6 Rh4 26. Re4
Rxe4 27. Nxe4 Kg8 28. Nf6+ Kg7 29. Ne8+ 1-0

[Event "Monroe (MI Op/6/5)"]
[Site "?"]
[Date "1986.??.??"]
[Round "?"]
[White "Levine, H.."]
[Black "Koster, Ed"]
[Result "1/2-1/2"]
[WhiteElo "2035"]
[BlackElo "2180"]
[PlyCount "60"]
[EventDate "1986.??.??"]

{6/(5)} 1. d4 Nf6 2. c4 g6 3. Nc3 d5 4. cxd5 Nxd5 5. e4 Nxc3 6. bxc3 Bg7 7. Nf3
c5 8. Rb1 O-O 9. Be2 Nc6 10. d5 Ne5 11. Nxe5 Bxe5 12. Qd2 e6 13. c4 b6 14. Bb2
Qd6 15. h4 exd5 16. Qxd5 Qxd5 17. cxd5 Bxb2 18. Rxb2 Re8 19. f3 f5 20. Bd3 fxe4
21. fxe4 Bb7 22. Re2 Re5 23. Kd2 Rf8 24. Rh3 Bc8 25. Rf3 Bg4 26. Rxf8+ Kxf8 27.
Rf2+ Ke7 28. Kc3 a6 29. Rf4 Bc8 30. a4 Bd7 1/2-1/2

[Event "Monroe (MI Op/4/7)"]
[Site "?"]
[Date "1986.??.??"]
[Round "?"]
[White "Levine, H.."]
[Black "Andrews, Steve"]
[Result "1-0"]
[WhiteElo "2035"]
[BlackElo "2220"]
[PlyCount "83"]
[EventDate "1986.??.??"]

{4/(7)} 1. e4 d6 2. d4 Nf6 3. Nc3 Nbd7 4. f4 c5 5. e5 cxd4 6. Qxd4 Ng4 7. Nf3
a6 8. Bc4 e6 9. exd6 Qb6 10. Ne4 Qxd4 11. Nxd4 Ngf6 12. Ng5 Nb6 13. Bb3 h6 14.
Ngf3 Bxd6 15. O-O O-O 16. Ne5 Rd8 17. c3 Nbd7 18. Nxf7 Kxf7 19. Nxe6 Ke7 20.
Re1 Re8 21. Nxg7+ Kd8 22. Nxe8 Nxe8 23. Be3 Ndf6 24. Bb6+ Bc7 25. Rad1+ Bd7 26.
Bxc7+ Kxc7 27. Re7 Nd6 28. Be6 Re8 29. Rxe8 Bxe8 30. Rd4 Bc6 31. c4 b5 32. c5
Nde4 33. b4 a5 34. a3 a4 35. Rd3 h5 36. g3 Ng4 37. Bxg4 hxg4 38. Kf1 Bd7 39.
Ke2 Bf5 40. Ke3 Nf6 41. Rd6 Ne4 42. Rd5 1-0

[Event "Warren (MCO/5/30)"]
[Site "?"]
[Date "1986.??.??"]
[Round "?"]
[White "Levadi, David"]
[Black "Nixon, Peter"]
[Result "1-0"]
[WhiteElo "1790"]
[BlackElo "1605"]
[PlyCount "35"]
[EventDate "1986.??.??"]

{5/(30)} 1. Nf3 d5 2. a3 c5 3. d4 cxd4 4. Nxd4 e5 5. Nf3 Nc6 6. e4 Nf6 7. exd5
Qxd5 8. Qxd5 Nxd5 9. c4 Nf6 10. Nc3 h6 11. Nd5 Nxd5 12. cxd5 e4 13. dxc6 exf3
14. Bb5 Kd8 15. gxf3 bxc6 16. Bxc6 Rb8 17. Bf4 Rxb2 18. O-O-O+ 1-0

[Event "Monroe (MI Op/5/27)"]
[Site "?"]
[Date "1986.??.??"]
[Round "?"]
[White "Levadi, David"]
[Black "Halstead, Kevin"]
[Result "0-1"]
[WhiteElo "1790"]
[BlackElo "1840"]
[PlyCount "86"]
[EventDate "1986.??.??"]

{5/(27)} 1. Nf3 d5 2. d4 Nf6 3. a3 c6 4. Bf4 Bf5 5. e3 e6 6. c4 Nbd7 7. Nbd2 h6
8. h3 Be7 9. Be2 O-O 10. O-O b6 11. Rc1 c5 12. dxc5 Nxc5 13. Ne5 Rc8 14. b4
Nce4 15. Nxe4 Bxe4 16. Qb3 Nd7 17. Rfd1 Bd6 18. Nxd7 Qxd7 19. Bxd6 Qxd6 20. f3
Bg6 21. cxd5 exd5 22. Rxc8 Rxc8 23. Bd3 Bxd3 24. Qxd3 Rd8 25. Qd4 Qf6 26. e4
Qxd4+ 27. Rxd4 Kf8 28. exd5 Ke7 29. Kf2 Kd6 30. Ke3 b5 31. h4 Re8+ 32. Kd2 Re5
33. Kd3 Rxd5 34. Ke4 Rxd4+ 35. Kxd4 h5 36. g3 f5 37. Ke3 Ke5 38. Kd3 Kd5 39.
Kc3 Ke5 40. Kd3 f4 41. g4 hxg4 42. fxg4 f3 43. Ke3 f2 0-1

[Event "Warren (MCO/2/9)"]
[Site "?"]
[Date "1986.??.??"]
[Round "?"]
[White "Levadi, David"]
[Black "Finegold, Ron"]
[Result "0-1"]
[WhiteElo "1790"]
[BlackElo "2125"]
[PlyCount "106"]
[EventDate "1986.??.??"]

{2/(9)} 1. Nf3 c5 2. c4 g6 3. Nc3 Bg7 4. g3 Nc6 5. Bg2 d6 6. O-O e6 7. d3 Nge7
8. a3 O-O 9. Rb1 b6 10. Bd2 Bb7 11. b4 Qd7 12. e3 Rfd8 13. Qe2 cxb4 14. axb4
Rac8 15. Rfd1 f5 16. Be1 Ne5 17. Nxe5 dxe5 18. Bxb7 Qxb7 19. Qa2 Kh8 20. b5 g5
21. e4 Ng8 22. c5 Qf7 23. exf5 Qxf5 24. cxb6 axb6 25. Ne4 Nf6 26. Qe2 g4 27.
Bb4 Nxe4 28. dxe4 Qg6 29. Rbc1 Rxc1 30. Rxc1 h5 31. Bc3 Qg5 32. Rd1 Qe7 33. h3
Rxd1+ 34. Qxd1 Qg5 35. Qd2 Qg6 36. Qd8+ Kh7 37. Qxb6 h4 38. hxg4 hxg3 39. Qe3
gxf2+ 40. Kxf2 Qxg4 41. b6 Qh4+ 42. Ke2 Qh1 43. Bd2 Qg2+ 44. Kd3 Qf1+ 45. Kc3
Qa1+ 46. Kb3 Qb1+ 47. Ka4 Qa1+ 48. Kb5 Qf1+ 49. Kc6 Qc4+ 50. Kd7 Qb5+ 51. Kc7
Qc4+ 52. Kd7 Qb5+ 53. Kxe6 Qc6+ 0-1

[Event "Monroe (MI Op/3/17)"]
[Site "?"]
[Date "1986.??.??"]
[Round "?"]
[White "Levadi, David"]
[Black "Feldstein, R.."]
[Result "0-1"]
[WhiteElo "1790"]
[BlackElo "2025"]
[PlyCount "26"]
[EventDate "1986.??.??"]

{3/(17)} 1. Nf3 f5 2. c4 Nf6 3. Nc3 b6 4. g3 Bb7 5. Bg2 g6 6. O-O Bg7 7. d3 O-O
8. a3 Qe8 9. Qc2 e5 10. e4 f4 11. gxf4 exf4 12. Bxf4 Nxe4 13. Bxc7 Nxc3 0-1

[Event "Monroe (MI Op/2/24)"]
[Site "?"]
[Date "1986.??.??"]
[Round "?"]
[White "Lehotzky, Attila"]
[Black "Ifill, Don"]
[Result "0-1"]
[WhiteElo "2045"]
[BlackElo "1800"]
[PlyCount "60"]
[EventDate "1986.??.??"]

{2/(24)} 1. d4 g6 2. c4 Bg7 3. Nc3 b6 4. Nf3 Bb7 5. Bf4 d6 6. e3 Nd7 7. Qc2 e6
8. h4 h6 9. Bd3 Ne7 10. Ne4 f5 11. Nc3 e5 12. dxe5 dxe5 13. Bg3 e4 14. Nxe4
fxe4 15. Bxe4 Bxe4 16. Qxe4 Nc5 17. Qc2 Qd3 18. Qc1 O-O-O 19. Be5 Bxe5 20. Nxe5
Qf5 21. f4 Nd3+ 22. Nxd3 Qxd3 23. a4 Nf5 24. Ra3 Qe4 25. Kf2 Rhe8 26. g4 Nxe3
27. Rxe3 Qxf4+ 28. Ke2 Qxg4+ 29. Kf2 Rf8+ 30. Ke1 Qg2 0-1

[Event "Warren (MCO/6/34)"]
[Site "?"]
[Date "1986.??.??"]
[Round "?"]
[White "Lang, J.."]
[Black "Warehall, R.."]
[Result "1-0"]
[WhiteElo "2105"]
[BlackElo "1605"]
[PlyCount "71"]
[EventDate "1986.??.??"]

{6/(34)} 1. Nf3 Nf6 2. c4 e6 3. g3 c5 4. Bg2 Be7 5. O-O O-O 6. Nc3 Nc6 7. e3 d6
8. d4 cxd4 9. exd4 e5 10. d5 Nb4 11. a3 Na6 12. b4 b6 13. Re1 Rb8 14. Qb3 Nc7
15. a4 Bd7 16. Re2 Na6 17. h3 Nc7 18. Ba3 h6 19. Nd2 Nh7 20. Rae1 f6 21. Kh2 a6
22. b5 Ng5 23. f4 Nf7 24. Be4 f5 25. Bb1 e4 26. Qc2 a5 27. h4 Bf6 28. Ncxe4
fxe4 29. Qxe4 Nh8 30. Qh7+ Kf7 31. Ne4 Be7 32. Bxd6 Bxd6 33. Nxd6+ Kf6 34. g4
Re8 35. g5+ hxg5 36. hxg5# 1-0

[Event "Dearborn (MEX/2)"]
[Site "Dearborn"]
[Date "1986.??.??"]
[Round "?"]
[White "Lang, J.."]
[Black "Thomas, Carlton"]
[Result "1-0"]
[WhiteElo "2170"]
[BlackElo "2055"]
[PlyCount "81"]
[EventDate "1986.??.??"]

1. e4 e6 2. Nf3 d5 3. e5 c5 4. d4 Nc6 5. c3 Bd7 6. Bd3 cxd4 7. cxd4 Bb4+ 8. Nc3
Qb6 9. Be3 Rc8 10. O-O Bxc3 11. bxc3 Na5 12. Qc2 Ne7 13. Rfb1 Qc7 14. Bd2 a6
15. a4 Nc4 16. Bc1 Nc6 17. Bxh7 N6a5 18. Bd3 Bc6 19. Bg5 Kd7 20. Rb4 Rh5 21. g4
Rh3 22. Kg2 Rch8 23. Bf4 f6 24. Bg3 Qd8 25. Bg6 fxe5 26. dxe5 Qf8 27. Qd3 R3h6
28. Rd1 Kc7 29. Nd4 Qe7 30. f4 Rxg6 31. Qxg6 Ne3+ 32. Kf3 Nxd1 33. Qc2 Nxc3 34.
Qxc3 Nc4 35. Kg2 a5 36. Rb1 Re8 37. f5 exf5 38. e6+ Nd6 39. Qc5 fxg4 40. Bxd6+
Qxd6 41. Nb5+ 1-0